1197 1582 1075 1853 1488 1826 1069 1967 1831 1802 1387 1621 1889 1560 1810 1394 1962 1489 1729 1180 1194 1227 1019 1463 1412 1201 1194 1104 1706 1281 1313 1523 1651 1312 1353 1596 1498 1811 1017 1368 1539 1230 1391 1816 2000 1613 1773 1587 1147 1802 1390 1047 1222 1406 1131 1670 1343 1403 1234 1832 1316 1545 1581 1511 1030 1229 1712 1309 1134 1172 1489 1936 1742 1567 1557 1209 1844 1962 1887 1153 1786 1337 1660 1430 1362 1060 1445 1683 1334 1163 1648 1766 1126 1917 1199 1930 1453 1483 1914 BCNSPRNW ULIB Ver.6.0+V

เปลี่ยนเป็นภาษาไทย

Change to English
 แสดงรายละเอียดบรรณานุกรม
  กลับหน้าหลัก

Brief Record : Get Marc (ISO 2709) : E-mail record : QR code < ปิดหน้าต่าง
LEADER : 00000nam 2200000uu 4500
001    13399121937
003     ULIB
008    121214s2546||||th 000 0 tha d
020    ^a9740502458
060 04 ^aWM270^bส271ว 2546
100 0  ^aสมภพ เรืองตระกูล
245 10 ^aเวชศาสตร์การติดสารเสพย์ติด /^bสมภพ เรืองตระกูล
250    ^aพิมพ์ครั้งที่ 1
260    ^aกรุงเทพฯ :^bคณะแพทยศาสตร์ศิริราชพยาบาล มหาวิทยาลัยมหิดล,^c2546
300    ^a[14], 327 หน้า ;^c21 ซม.
440  0 ^aตำราจิตเวชสำหรับแพทย์เวชศาสตร์ครอบครัว ;^vชุดที่ 5
504    ^aมีบรรณานุกรมและดรรชนี
650  2 ^aSubstance-Related Disorders^xtherapy
650  7 ^aการติดสารเสพติด
650  7 ^aยาเสพติด^xการรักษา
653    ^aผลงานอาจารย์คณะแพทยศาสตร์ศิริราชพยาบาล
710 2  ^aมหาวิทยาลัยมหิดล. ^bคณะแพทยศาสตร์ศิริราชพยาบาล
945    ^p350^l0^i15138
995    ^aทศพร
999    ^aทศพร เกษรทอง
รายการนี้ยังไม่มีแท็ก
คุณยังไม่ได้ล็อกอิน คุณสามารถมีกิจกรรมร่วมกับเว็บไซต์ได้ แต่ต้องล็อกอินก่อน ::
  ล็อกอิน

รายการสื่อสารสนเทศ

ลำดับที่ ประเภท เลขเรียก/บาร์โค้ด สถานที่ สถานะ
1. วิทยาศาสตร์การแพทย์ และสุขภาพ
วิทยาศาสตร์การแพทย์ และสุขภาพ
WM270 ส271ว 2546 ฉ.1 
  Barcode: 15138
ห้องสมุดวิทยาเขตสวรรค์ประชารักษ์
►หนังสือทั่วไป
บนชั้น

รายการใกล้เคียง
    ผู้แต่ง [สมภพ เรืองตระกูล]

    หัวเรื่อง [การติดสารเสพติด]

BibComment


ยังไม่เคยถูกคอมเมนท์

คอมเมนท์ทรัพยากรรายการนี้
  คอมเมนท์: เวชศาสตร์การติดส..


 Copyright 2026. Bcnsprnw @Library